书目信息 |
| 题名: |
高校图书馆技术与方法
|
|
| 作者: | 关敏 , 赵云龙 主编 ;崔信 编著 | |
| 分册: | ||
| 出版信息: | 北京 兵器工业出版社 1992.8 |
|
| 页数: | 421页 | |
| 开本: | 19cm | |
| 丛书名: | ||
| 单 册: | ||
| 中图分类: | G258.6 | |
| 科图分类: | ||
| 主题词: | 院校图书馆-图书馆工作 , 图书馆工作-院校图书馆 | |
| 电子资源: | ||
| ISBN: | 7-80038-557-4 | |
| 000 | 00899nam0 2200265 45 | |
| 001 | 0193034563 | |
| 005 | 20060804105313.51 | |
| 010 | @a7-80038-557-4@dCNY9.80 | |
| 100 | @a19930814d1992 em y0chiy0121 ea | |
| 101 | 0 | @achi |
| 102 | @aCN@b110000 | |
| 105 | @ay z 000yy | |
| 200 | 10 | @a高校图书馆技术与方法@AGAO XIAO TU SHU GUAN JI SHU YU FANG FA@f赵云龙,关 敏主编@FZHAO YUN LONG , GUAN MIN ZHU BIAN@g崔 信等编著 |
| 210 | @a北京@c兵器工业出版社@d1992.8 | |
| 215 | @a421页@d19cm | |
| 330 | @a本书论述了文献采访、文献分类、文献编目、文献情报服务等方面的技术与方法。 | |
| 540 | 1 | @a高校 图书馆@AGAO XIAO TU SHU GUAN |
| 606 | @a院校图书馆-图书馆工作 | |
| 606 | @a图书馆工作-院校图书馆 | |
| 690 | @aG258.6@v三版 | |
| 701 | 0 | @a关敏@AGUAN MIN@4主编 |
| 701 | 0 | @a赵云龙@AZHAO YUN LONG@4主编 |
| 702 | 0 | @a崔信@ACUI XIN@4编著 |
| 801 | 0 | @aCN@bTSSF@c20060804 |
| 905 | @a10447@dG258.6@e19 | |
| 高校图书馆技术与方法/赵云龙,关 敏主编/崔 信等编著.-北京:兵器工业出版社,1992.8 |
| 421页;19cm |
| ISBN 7-80038-557-4:CNY9.80 |
| 本书论述了文献采访、文献分类、文献编目、文献情报服务等方面的技术与方法。 |
| ● |
| 相关链接 |
|
|
|
|
正题名:高校图书馆技术与方法
索取号:G258.6/19
 
预约/预借
| 序号 | 登录号 | 条形码 | 馆藏地/架位号 | 状态 | 备注 |
| 1 | 0446921 | 204469217 | 密集书库/ [索取号:G258.6/19] | 在馆 |